Regionálna politika ako súčasť hospodárskej politiky štátu
Cieľom článku je vymedzenie miesta regionálnej politiky ako súčasti hospodárskej politiky. Hospodárska politika a jej vymedzenie. Regionálna politika, jej realizácia, ciele, ekológia. Regionálna politika Slovenska.
Gespeichert in:
| 1. Verfasser: | |
|---|---|
| Format: | Buchkapitel |
| Sprache: | Slowakisch |
| Schlagworte: | |
| Tags: |
Keine Tags, Fügen Sie das erste Tag hinzu!
|
MARC
| LEADER | 00000naa a2200000 4500 | ||
|---|---|---|---|
| 001 | r041729 | ||
| 005 | 20231003111809.0 | ||
| 041 | 0 | |a slo | |
| 044 | |a SK | ||
| 245 | 1 | 0 | |a Regionálna politika ako súčasť hospodárskej politiky štátu |c Pavol Križo |
| 520 | |a Cieľom článku je vymedzenie miesta regionálnej politiky ako súčasti hospodárskej politiky. Hospodárska politika a jej vymedzenie. Regionálna politika, jej realizácia, ciele, ekológia. Regionálna politika Slovenska. | ||
| 610 | 2 | 0 | |a politika regionálna |
| 610 | 2 | 0 | |a politika hospodárska |
| 610 | 2 | 0 | |a regióny |
| 610 | 2 | 0 | |a ekológia |
| 610 | 2 | 0 | |a Slovensko |
| 100 | 1 | |a Križo, Pavol | |